[Event "7th RTU Open 2017"]
[Site "Riga"]
[Date "2017.08.11"]
[Round "7"]
[White "Vorobiov, Evgeny E"]
[Black "Hansen, Mads"]
[Result "1-0"]
[WhiteElo "2569"]
[BlackElo "2410"]
[Annotator "TA"]
[PlyCount "51"]
[EventDate "2017.??.??"]
[EventType "swiss"]
[EventCountry "LAT"]
[SourceTitle "playchess.com"]
[Source "ChessBase"]
[SourceQuality "1"]

{[%evp 14,51,22,23,23,12,14,9,30,16,34,12,22,21,35,36,71,60,73,0,0,-29,32,0,0,-32,90,22,29,33,584,586,547,124,728,721,691,709,686,687]} 1. d4 d5 2. c4 c6 3. Nf3 Nf6 4. e3 e6 5. b3 c5 6. Bb2 {D30: Queen's Gambit Declined: Systems without Nc3} (6. cxd5 Nxd5 7. Bb2 cxd4 8. Nxd4 e5 9. Nf3 Nc6 10. Bc4 Bb4+ 11. Nbd2 Nb6 12. Bb5 Qd5 13. Bxc6+ bxc6 14. Bxe5 Bg4 15. Bc7 O-O 16. a3 Bxf3 17. axb4 Bxd1 {0-1 (17) So,W (2810)-Duda,J (2707) Leon 2017}) 6... cxd4 7. exd4 Nc6 8. Bd3 {LiveBook: 8 Games. The position is equal.} Be7 9. O-O O-O 10. Nc3 b6 11. cxd5 $146 ({Predecessor:} 11. Re1 Bb7 12. Rc1 Rc8 13. cxd5 Nxd5 14. Nxd5 Qxd5 {½-½ (25) Helbich,J (2539)-Fernandez Vicente,C (2467) ICCF email 2010}) 11... exd5 12. Ne5 Nxd4 {[#]} 13. Bxh7+ $1 {[%mdl 512]} Kxh7 (13... Nxh7 14. Qxd4) 14. Qxd4 {Threatens to win with Nc6.} Bb7 15. Rad1 {And now Rd3 would win.} Kg8 16. Rd3 (16. Qf4 $16) 16... Bc5 $1 $11 {[%cal Rc5d4]} 17. Qh4 {Rh3 would kill now.} Ne4 ({Black should play} 17... Nd7 $11 18. Qxd8 Rfxd8 19. Nxd7 Rxd7) 18. Qh5 {Threatening mate with Rh3.} (18. Qh3 $5 {[%cal Rc3e4]} Nxc3 19. Bxc3 $11 (19. Rxc3 Bd4 $11)) 18... Nf6 19. Qg5 {Black must now prevent Rh3.} Nh7 {[#]} (19... Nd7 $15 {stays ahead.} 20. Qxd8 Rfxd8 21. Nxd7 Rxd7) 20. Qf5 $40 {[%mdl 128] White attacks.} ({Better is} 20. Qg3 $1 $16) 20... Qf6 21. Qh5 {Strongly threatening Rh3.} g6 $2 {[%mdl 8192]} (21... Qg5 $1 $14 22. Qxg5 Nxg5) 22. Rg3 $18 Kh8 {[#]} 23. Nxd5 $2 (23. Nxg6+ $1 $18 {[%mdl 512]} fxg6 24. Rxg6) 23... Bxd5 $4 {[%mdl 8192] [#]} (23... gxh5 $16 24. Nxf6 Nxf6) 24. Nxg6+ $1 {[%mdl 512] White is clearly winning.} fxg6 25. Bxf6+ Rxf6 26. Qxd5 {Precision: White = 38%, Black = 28%.} 1-0

[Event "7th RTU Open 2017"]
[Site "Riga"]
[Date "2017.08.11"]
[Round "7"]
[White "Ghosh, Diptayan"]
[Black "Yankelevich, Lev"]
[Result "1/2-1/2"]
[WhiteElo "2562"]
[BlackElo "2447"]
[Annotator "TA"]
[PlyCount "41"]
[EventDate "2017.??.??"]
[EventType "swiss"]
[EventCountry "LAT"]
[SourceTitle "playchess.com"]
[Source "ChessBase"]
[SourceQuality "1"]

{[%evp 18,41,24,22,27,34,24,14,25,17,50,49,41,21,26,46,60,62,80,88,81,94,94,59,50,11]} 1. d4 Nf6 2. c4 g6 3. Nf3 Bg7 4. g3 O-O 5. Bg2 d6 6. O-O Nc6 7. Nc3 e5 8. dxe5 dxe5 9. Bg5 Be6 10. Nd2 Qc8 {E62: King's Indian: Fianchetto: 6...c6 and Panno Variation (6...Nc6) without ...a6} 11. Nd5 Nd7 12. b4 {[%cal Bb2b4,Bb4b5][%mdl 32]} h6 {The position is equal.} 13. Be3 {[#]} Kh7 $146 ({Predecessor:} 13... Re8 14. Rc1 Nd4 15. Bxd4 exd4 16. Nb3 c5 17. bxc5 Nxc5 18. Nxd4 {1-0 (41) Banusz,T (2613)-Radjabov,T (2722) Monzon 2016}) 14. Rc1 f5 15. b5 Nd8 16. Nb3 Re8 17. Bd2 c5 18. e4 Nf7 19. exf5 gxf5 20. Be3 b6 21. Re1 {Precision: White = 73%, Black = 64%.} 1/2-1/2

[Event "7th RTU Open 2017"]
[Site "Riga"]
[Date "2017.08.11"]
[Round "7"]
[White "Boruchovsky, Avital"]
[Black "Krivonosov, Oleg"]
[Result "1-0"]
[WhiteElo "2556"]
[BlackElo "2397"]
[Annotator "TA"]
[PlyCount "57"]
[EventDate "2017.??.??"]
[EventType "swiss"]
[EventCountry "LAT"]
[SourceTitle "playchess.com"]
[Source "ChessBase"]
[SourceQuality "1"]

{[%evp 18,57,21,10,23,22,27,28,29,14,25,0,0,0,0,-10,-8,-2,0,-52,0,0,0,0,0,-29,0,0,0,0,0,0,79,85,119,120,198,198,191,136,179,190]} 1. e4 e5 2. Nf3 Nc6 3. Bc4 Bc5 4. c3 Nf6 5. d3 d6 6. O-O a6 7. a4 h6 8. Na3 {[%cal Bb1a3,Ba3c2,Bc2e3,Be3c4][%mdl 32] C54: Giuoco Piano: 4 c3 Nf6, main lines with 5 d4 and 5 d3} (8. Re1 O-O 9. h3 Re8 10. Nbd2 Be6 11. Bxe6 Rxe6 12. b4 Ba7 13. Qc2 Qd7 14. Nf1 d5 15. Be3 Bxe3 16. Nxe3 {1-0 (41) Anand,V (2786)-So,W (2812) Leuven 2017}) 8... O-O 9. Nc2 Ba7 10. Be3 {LiveBook: 20 Games. The position is equal.} Re8 (10... Bb8 {with more complications.} 11. Re1 Ne7 12. d4 Nxe4 13. dxe5 d5) 11. Bxa7 Rxa7 12. Ne3 Be6 13. Re1 Ra8 {[#]} 14. a5 $146 ({Predecessor:} 14. Bxe6 Rxe6 {0-1 (91) Cornette,M (2599)-Karpov,A (2628) Cap d'Agde 2016}) 14... Bxc4 15. Nxc4 d5 16. exd5 Qxd5 17. Qb3 Rab8 18. h3 (18. Red1 $11) 18... e4 (18... Nh5 $15 19. Qa4 Nf4) 19. dxe4 $11 Rxe4 20. Rxe4 Nxe4 21. Rd1 (21. Ncd2 $5 {[%cal Rb3d5]} Qxb3 22. Nxb3 $11) 21... Qb5 (21... Nxa5 $5 {[%cal Rd5c4]} 22. Rxd5 Nxb3 $15) 22. Qxb5 axb5 23. Nce5 {Nxc6 is the strong threat.} Nxa5 24. Rd7 $1 f6 {[#]} (24... c6 $11) 25. Ng6 $1 $16 {[%mdl 1024] White has strong compensation.} Kh7 26. Nf4 {Black must now prevent Nh5.} Nc4 {[#]} (26... Nd6 $16) 27. Nh5 $1 $18 {White is clearly better.} ({Don't do} 27. Rxc7 $6 Ned6 $16) 27... Rg8 28. Nh4 (28. Rxc7 $18 {Threatens to win with Nh4.} Kh8 29. Re7 (29. Rxb7 Nxb2 30. Nh4 Nd1 $16)) 28... Ne5 ({Don't go for} 28... Nxb2 $2 29. f3 $18) 29. Rxc7 {Precision: White = 60%, Black = 48%.} 1-0

[Event "7th RTU Open 2017"]
[Site "Riga"]
[Date "2017.08.11"]
[Round "7"]
[White "Sarana, Alexey"]
[Black "Abdumalik, Zhansaya"]
[Result "1-0"]
[WhiteElo "2540"]
[BlackElo "2423"]
[Annotator "TA"]
[PlyCount "123"]
[EventDate "2017.??.??"]
[EventType "swiss"]
[EventCountry "LAT"]
[SourceTitle "playchess.com"]
[Source "ChessBase"]
[SourceQuality "1"]

{[%evp 9,123,45,40,21,67,70,68,68,96,76,74,79,87,64,61,62,69,77,82,72,98,40,42,26,18,0,12,-8,26,26,30,13,37,37,32,29,36,26,41,44,47,46,54,57,53,50,62,56,77,83,86,97,82,62,107,98,116,109,98,85,120,111,119,71,120,119,158,135,132,112,126,128,145,134,128,127,197,207,202,185,199,195,203,207,251,251,259,246,363,384,462,448,526,496,510,497,530,629,622,608,569,558,618,605,611,581,1139,1043,1110,1055,983,1008,29988,29989,29998,29999]} 1. d4 Nf6 2. c4 d6 3. Nc3 Bf5 4. Qb3 (4. f3 e5 5. e4 exd4 6. Qxd4 Be6 7. Qd2 c6 8. Bd3 Nbd7 9. Nge2 Ne5 10. b3 Nxd3+ 11. Qxd3 d5 12. cxd5 cxd5 13. exd5 Nxd5 14. Nxd5 Qxd5 15. Qxd5 Bxd5 {½-½ (37) Vitiugov,N (2726)-Rakhmanov,A (2667) Tallinn 2016}) 4... Qc8 5. g3 Nc6 6. Nf3 {A53: Old Indian Defence without Nf3} b6 $146 ({Predecessor:} 6... g6 7. d5 Nd8 8. Bg2 Bg7 9. O-O O-O 10. Re1 e5 11. e4 Bg4 {½-½ (24) Ksieski,Z (2412)-Bielczyk,J (2359) Suwalki 1999}) 7. Bg2 Na5 8. Qd1 {White is slightly better.} Bh3 9. O-O Bxg2 10. Kxg2 c5 11. Bg5 Nd7 12. b3 h6 13. Bd2 cxd4 14. Nxd4 Nc6 15. Nf3 (15. e3 $16) 15... g6 16. e4 Bg7 17. Rc1 Qb7 18. Qe2 Nde5 19. Nxe5 dxe5 20. Be3 (20. c5 $5) 20... Nd4 21. Bxd4 exd4 22. Nd5 {next c5 is good for White.} e6 23. Nf4 Bf8 24. Nd3 Ba3 25. Rc2 a5 26. Qf3 O-O 27. e5 Qd7 28. h4 {[%cal Bh2h4,Bh4h5][%mdl 32]} Kg7 29. h5 g5 30. Qe4 Rac8 31. Rd1 Bc5 32. a4 Rc7 33. Ne1 f5 34. exf6+ $1 Rxf6 35. Nd3 Qe8 36. Qg4 Qc6+ 37. Kg1 Re7 38. Re2 Qf3 39. Qxf3 Rxf3 40. Kg2 Rf5 41. Re4 Rf8 42. Rde1 Rfe8 (42... Rf6 $16 {was worth a try.} 43. f3 Kh7) 43. Re5 $1 $18 Bd6 44. Rb5 Bc7 {[#]} 45. Kf3 $1 Rf8+ {[#]} 46. Ke4 $1 e5 47. Rc1 g4 48. c5 bxc5 (48... Re6 $142 49. cxb6 Bxb6 50. Rxe5 Ref6) 49. Rcxc5 Kf6 50. Rb7 Rff7 51. Ra7 Kg5 {If only Black now had time for ...Bb6....} 52. Nf4 Bd6 53. Rxe7 Rxe7 54. Rxa5 {[%mdl 4096] Endgame KRB-KRN} Rb7 55. Rd5 Bb8 56. Ne6+ Kxh5 57. Rb5 Rd7 58. Rxb8 d3 59. Rb5 d2 60. Nf8 {[%cal Rb5e5]} Rd4+ 61. Kxe5 {[%cal Re5d4]} Kg5 62. Ke6+ {Precision: White = 76%, Black = 34%.} 1-0

[Event "7th RTU Open 2017"]
[Site "Riga"]
[Date "2017.08.11"]
[Round "7"]
[White "Schroeder, Jan-Christian"]
[Black "Wan, Yunguo"]
[Result "1-0"]
[WhiteElo "2539"]
[BlackElo "2482"]
[Annotator "TA"]
[PlyCount "149"]
[EventDate "2017.??.??"]
[EventType "swiss"]
[EventCountry "LAT"]
[SourceTitle "playchess.com"]
[Source "ChessBase"]
[SourceQuality "1"]

{[%evp 30,149,63,57,120,125,114,104,111,35,35,34,36,32,29,0,0,0,0,-12,0,0,0,0,0,0,0,0,0,0,0,0,0,0,0,0,0,0,0,0,0,0,61,58,52,50,146,146,191,191,201,183,223,213,225,230,326,320,398,398,353,300,290,294,467,337,482,479,464,337,297,283,261,235,1797,1739,1589,1266,9560,8350,8335,7700,6569,6256,5920,4582,5361,0,5728,5608,2741,2279,12792,6191,29966,29965,12792,2041,12792,12792,29968,29968,29965,29962,29967,29969,29969,29970,29969,29970,29969,29972,29970,29971,29970,29971,29976,29976,29978,29979,29977,29978]} 1. e4 c5 2. Nf3 Nc6 3. d4 cxd4 4. Nxd4 Nf6 5. Nc3 e5 6. Ndb5 {[%cal Bd4b5,Bb5a3,Ba3c2,Bc2e3][%mdl 32]} d6 7. Bg5 a6 8. Na3 b5 9. Nd5 Be7 10. Bxf6 Bxf6 11. c3 O-O 12. Nc2 Rb8 13. h4 Be7 14. g3 {B33: Sicilian: Pelikan and Sveshnikov Variations} Be6 15. a3 {[%cal Ba2a3,Ba3a4][%mdl 32]} a5 (15... Qd7 16. Ncb4 Nxb4 17. axb4 Ra8 18. Bg2 Bd8 19. O-O Qc6 20. Ra3 Ra7 21. Ne3 Bb6 {½-½ (43) Dominguez Perez,L (2721)-Timofeev,A (2677) Havana 2009}) 16. Nce3 {LiveBook: 3 Games. White is slightly better.} Qd7 {[#]} (16... Na7 $14) 17. a4 $1 $16 b4 $146 ({Predecessor:} 17... bxa4 18. Qxa4 Rfc8 19. Bb5 Kf8 20. b4 Qb7 21. Bxc6 Rxc6 22. Qxa5 {1-0 (53) Poetz,F (2347)-Krebs,J (2229) Vienna 2010}) 18. Bb5 {Black must now prevent Bxc6.} Bd8 19. O-O (19. cxb4 $16 axb4 20. Qc1 Rxb5 21. axb5) 19... bxc3 $14 20. bxc3 Qc8 $1 21. Qd3 Ne7 22. Bc4 Nxd5 23. Bxd5 Bb6 24. Nf5 {aiming for Ne7+.} Qd7 25. Bxe6 fxe6 26. Qxd6 Qxd6 27. Nxd6 Rf3 {Hoping for ...Rxg3+.} 28. Kg2 Rbf8 {[%cal Rb6f2]} 29. Ra2 {Strongly threatening Nc4.} Rxc3 30. Rd1 Bd4 31. Rdd2 Rc6 32. Nb5 $36 {[%mdl 2048] Black is under pressure.} Rc4 33. Nd6 Rc6 34. Nb5 Rc4 35. Nd6 Rb4 ({Black should play} 35... Rc6 $11 36. Nb5) 36. Rdc2 $1 h5 37. Rc6 Rb3 (37... Rb1 $14) 38. Nb5 $16 Rf6 39. Nxd4 exd4 $18 {[%mdl 4096] Endgame KRR-KRR} 40. Rc5 g6 41. Rxa5 Rff3 42. e5 Ra3 (42... Rfc3 $142 43. Ra8+ Kg7) 43. Rd2 Rfd3 44. Rxd3 Rxd3 {KR-KR} 45. Ra6 Kf7 46. Rd6 Rd2 (46... Ke7 $142 47. Kf1 Rc3 48. Rxd4 Rc5) 47. Kf3 d3 (47... Ra2 {was worth a try.} 48. Rxd4 Kf8) 48. a5 Ra2 49. Rd7+ Kf8 50. Rxd3 Rxa5 51. Kf4 Ra7 $2 (51... Kg7 52. Rd7+ Kh6) 52. Kg5 Kg7 53. f3 Rf7 54. g4 Kh7 55. Ra3 Kg7 56. Rb3 Kh7 57. Rc3 Kg7 58. Rd3 Kh7 $1 59. Rb3 Kg7 60. Ra3 Kh7 61. Ra6 Rxf3 {[#]} 62. Ra7+ $1 Kg8 63. gxh5 (63. Kxg6 $142 hxg4 64. h5) 63... gxh5 64. Kxh5 Rf4 65. Kg5 {White mates.} Re4 66. Ra5 Kf7 67. h5 {[%cal Bh4h5,Bh5h6][%mdl 32]} Re1 68. Ra7+ Kg8 69. h6 Rg1+ 70. Kf6 Rh1 71. Ra8+ Kh7 72. Kxe6 Rxh6+ 73. Kf7 Rh2 74. e6 Rf2+ 75. Ke8 {Precision: White = 80%, Black = 41%.} 1-0

[Event "7th RTU Open 2017"]
[Site "Riga"]
[Date "2017.08.11"]
[Round "7"]
[White "Vishnu Prasanna  V"]
[Black "Pershin, Denis"]
[Result "1/2-1/2"]
[WhiteElo "2538"]
[BlackElo "2353"]
[Annotator "TA"]
[PlyCount "46"]
[EventDate "2017.??.??"]
[EventType "swiss"]
[EventCountry "LAT"]
[SourceTitle "playchess.com"]
[Source "ChessBase"]
[SourceQuality "1"]

{[%evp 19,46,0,12,0,21,0,-3,-9,13,13,13,14,14,14,27,0,0,-4,0,-11,-9,-15,-24,-35,0,0,0,0,0]} 1. d4 Nf6 2. c4 e6 3. Nf3 b6 4. a3 Bb7 5. Nc3 d5 6. Qc2 Be7 7. cxd5 Nxd5 8. Nxd5 {E12: Queen's Indian: Unusual White 4th moves, 4 a3, 4 Nc3 Bb7 5 a3 and 4 Nc3 Bb7} exd5 9. Bf4 c5 10. e3 O-O {LiveBook: 3 Games} 11. Be2 $146 ({Predecessor:} 11. Bd3 h6 12. O-O Nd7 13. Rac1 Nf6 14. Ne5 c4 15. Bf5 Bc8 {1-0 (50) Bocharov,D (2569)-Aroshidze,L (2401) Istanbul 2004}) 11... Ba6 12. O-O Bxe2 13. Qxe2 Nd7 {[%cal Bb8d7,Bd7f6,Bf6e4][%mdl 32]} 14. dxc5 bxc5 15. Rfd1 Nf6 16. Be5 Qb6 17. Rac1 (17. b4 $5) 17... Rac8 18. Qc2 (18. Bxf6 $5 Bxf6 19. Rxd5 $11) 18... Qe6 19. Qa4 a6 20. h3 Ne4 21. b4 Bf6 22. Bxf6 Qxf6 23. Qc2 Rfd8 {Precision: White = 53%, Black = 40%.} 1/2-1/2

[Event "7th RTU Open 2017"]
[Site "Riga"]
[Date "2017.08.11"]
[Round "7"]
[White "Bailet, Pierre"]
[Black "Percivaldi, Martin"]
[Result "1-0"]
[WhiteElo "2536"]
[BlackElo "2407"]
[Annotator "TA"]
[PlyCount "97"]
[EventDate "2017.??.??"]
[EventType "swiss"]
[EventCountry "LAT"]
[SourceTitle "playchess.com"]
[Source "ChessBase"]
[SourceQuality "1"]

{[%evp 12,96,12,8,25,16,12,19,37,33,48,33,64,26,39,14,16,20,16,17,43,41,44,46,43,48,41,40,40,39,39,47,47,42,39,49,50,38,36,42,35,34,73,31,42,14,17,12,31,0,48,8,6,0,48,17,45,9,39,24,35,23,31,14,25,19,30,5,7,4,6,0,26,22,16,0,264,302,287,258,267,267,5418,5722,29973,29974,29999]} 1. e4 e6 2. d4 d5 3. Nd2 c5 4. Ngf3 cxd4 5. Nxd4 Nf6 6. exd5 {C07: French Tarrasch: 3...c5, 4 Ngf3 and 4 exd5 Qxd5} a6 (6... Qxd5 7. Nb5 Qd8 8. Bd3 a6 9. Nc3 Nc6 10. O-O Ne5 11. Be2 b5 12. Nf3 Qxd1 13. Rxd1 Nc6 14. Bf4 Bb7 {0-1 (53) Vachier Lagrave,M (2796)-Caruana,F (2808) Paris 2017}) 7. Bc4 {[%cal Rd5e6] LiveBook: 4 Games} Nxd5 8. N2f3 {White has an edge.} Be7 9. O-O O-O $146 ({Predecessor:} 9... Bf6 10. Bb3 O-O 11. Qe2 Ne7 12. Rd1 Qc7 13. Ng5 e5 {½-½ (40) Balogh,C (2651)-Rozum,I (2505) Yerevan 2014}) 10. Qe2 Qd6 11. Rd1 Bf6 12. Bg5 (12. Nf5 $5 Qc5 13. Ng3 $16) 12... Nd7 13. Nf5 Qc7 14. Bxd5 {[#] Hoping for Ne7+.} exf5 15. c3 h6 16. Be3 Nb6 17. Bb3 Be6 18. Bxe6 fxe6 19. Bf4 Qf7 20. Ne5 Bxe5 21. Bxe5 Rad8 22. c4 Qe7 23. b3 Rxd1+ 24. Rxd1 {[#] Threatens to win with Bd6.} Rd8 $1 25. Re1 Nd7 26. Bc3 Nf6 27. f3 Kf7 28. h3 Qd6 29. Qe3 Rd7 30. a4 Qc6 31. Kf2 Qd6 32. Re2 Qc6 (32... f4 $5 {[%cal Rf4e3]} 33. Qe5 Qb6+ 34. c5 Qxb3 $11) 33. a5 Rd6 34. g4 fxg4 35. hxg4 Rd1 36. Re1 Rxe1 37. Qxe1 Nd7 38. Qe3 Qd6 39. Kg2 Qd1 40. b4 (40. Qd4 $5 {[%cal Rd4d1]} Qe2+ 41. Qf2 $14) 40... Qc2+ 41. Kg3 Qb1 42. Qd4 $36 {[%mdl 2048] White has some pressure.} Nf6 43. Qb6 Kg6 $2 {[%mdl 8192]} (43... Ne4+ $11 {and Black has nothing to worry.} 44. fxe4 Qd3+ 45. Kf2 Qc2+ 46. Kg1 Qxc3) 44. Qxe6 $18 Qg1+ 45. Kf4 {Bxf6 is the strong threat.} Qh2+ 46. Ke3 {aiming for Bxf6.} Qc2 $2 (46... Qg1+ 47. Kd2 Qh2+ 48. Kd3 Qf4) 47. Bxf6 Qc1+ 48. Kf2 gxf6 49. Qg8# {Precision: White = 51%, Black = 46%.} 1-0

[Event "7th RTU Open 2017"]
[Site "Riga"]
[Date "2017.08.11"]
[Round "7"]
[White "Ladva, Ottomar"]
[Black "Smirin, Ilia"]
[Result "0-1"]
[WhiteElo "2532"]
[BlackElo "2634"]
[Annotator "TA"]
[PlyCount "56"]
[EventDate "2017.??.??"]
[EventType "swiss"]
[EventCountry "LAT"]
[SourceTitle "playchess.com"]
[Source "ChessBase"]
[SourceQuality "1"]

{[%evp 16,56,8,-9,0,0,0,-29,-15,-40,-15,-16,-21,-60,-62,-83,-84,-85,-83,-106,-112,-130,-102,-97,-81,-103,-103,-103,-103,-91,-38,-28,-29,-37,-19,-92,-95,-254,-235,-501,-488,-481,-481]} 1. Nf3 Nf6 2. g3 c5 3. b3 d6 4. Bg2 e5 5. O-O Nc6 6. c4 g6 7. Nc3 Bg7 8. Bb2 O-O 9. Ne1 {LiveBook: 32 Games} Bd7 {A38: Symmetrical English vs ...g6: 4 Bg2 Bg7 5 Nf3 Nf6} 10. Nc2 Rb8 11. a3 $146 ({Predecessor:} 11. Ne3 a6 12. d3 b5 13. Qd2 Ne7 14. Ne4 Ne8 15. f4 f5 16. Nc3 exf4 17. gxf4 {½-½ (43) Eingorn,V (2595)-Kuzmin,A (2500) Oberwart 1995}) 11... a6 {[%cal Ba7a6,Ba6b5,Bb5b4][%mdl 32] Black has an edge.} 12. b4 b5 13. cxb5 axb5 14. bxc5 dxc5 15. a4 b4 16. Nb5 Nd4 17. Ne3 Be6 18. d3 Nxb5 19. axb5 Nd5 20. Nxd5 Bxd5 21. Bxd5 Qxd5 22. Ra5 c4 (22... e4 $17 23. Bxg7 Kxg7) 23. dxc4 $15 Qxc4 24. Qa4 $1 Rfd8 $36 {[%mdl 2048] Black has the initiative.} 25. e3 (25. Bc1 $11 {keeps the balance.}) 25... h5 $17 {[%cal Bh7h5,Bh5h4,Bh4h3][%mdl 32] ...h4 is the strong threat.} 26. b6 $2 (26. h3 $17) 26... h4 $19 ({Don't do} 26... Rxb6 27. h4 $17) 27. Rb5 $2 (27. Qb5 Qe4 28. Qe2) 27... h3 {( -> ...Qe4)} 28. Rxb4 {[#]} Qe2 $1 {Precision: White = 28%, Black = 75%.} 0-1

[Event "7th RTU Open 2017"]
[Site "Riga"]
[Date "2017.08.11"]
[Round "7"]
[White "Ali Marandi, Cemil Can"]
[Black "Kaasen, Tor Fredrik"]
[Result "1-0"]
[WhiteElo "2526"]
[BlackElo "2399"]
[Annotator "TA"]
[PlyCount "47"]
[EventDate "2017.??.??"]
[EventType "swiss"]
[EventCountry "LAT"]
[SourceTitle "playchess.com"]
[Source "ChessBase"]
[SourceQuality "1"]

{[%evp 9,47,0,34,37,25,0,14,0,12,0,14,18,25,22,22,28,37,16,2,-33,-26,-71,6,-57,-1,-80,-77,-77,-43,-55,-45,-247,-218,-233,830,934,29988,714,29995,29996]} 1. d4 Nf6 2. Bf4 g6 3. Nc3 d5 4. e3 Bg7 5. h4 c5 (5... c6 6. Nf3 Bg4 7. Be2 Nbd7 8. Ne5 Bxe2 9. Qxe2 h5 10. O-O-O Qa5 11. Kb1 {1-0 (44) Karjakin,S (2781)-Giri,A (2771) Stavanger 2017}) 6. Nb5 {A45: Trompowsky Attack} Na6 $1 7. Nf3 O-O $146 ({Predecessor:} 7... Bd7 8. a4 Qa5+ 9. Qd2 Qxd2+ 10. Nxd2 Nh5 11. Be5 {1-0 (28) Forbes,C (2075)-Chapman,T (1855) West Bromwich 2006}) 8. Be2 {The position is equal.} Bd7 9. a4 c4 10. Ne5 Bxb5 11. axb5 Nc7 12. h5 Nxb5 13. g4 (13. hxg6 {is more complex.} hxg6 14. c3 Re8 15. Qc2 e6 16. Kf1) 13... Nd7 14. g5 Nxe5 15. dxe5 Nc7 ({Better is} 15... e6 $17 {Hoping for ...Qc7.} 16. Bg4 Qc7) 16. Bg4 (16. Bg3 $11) 16... Ne6 (16... e6 $15) 17. hxg6 (17. h6 $11 {keeps the balance.} Bh8 18. Bxe6 fxe6 19. Bg3) 17... hxg6 $17 18. Qf3 {And now Qh3 would win.} Qb6 19. Qh3 {[%csl Gh1][%cal Rh3h7]} Rfd8 20. O-O-O $2 (20. Bxe6 $1 $15 Qxe6 21. Qxe6 fxe6 22. Ke2) 20... Nc5 $19 21. Rh2 {Rdh1 is the strong threat.} Na4 $4 {[%mdl 8192] [#]} (21... e6 $19 22. e4 Nxe4) 22. Rdh1 $1 $18 {White threatens Qh8+! and mate.} f5 23. exf6 (23. gxf6 $142 Qxb2+ 24. Kd2 c3+ 25. Ke2 Qxc2+ 26. Kf1 Qd3+ 27. Kg2 Qe4+ 28. Bf3) 23... exf6 {[#]} 24. Qh8+ $3 {[%mdl 512] Precision: White = 41%, Black = 40%.} 1-0

[Event "7th RTU Open 2017"]
[Site "Riga"]
[Date "2017.08.11"]
[Round "7"]
[White "Blomqvist, Erik"]
[Black "Agmanov, Zhandos"]
[Result "1/2-1/2"]
[WhiteElo "2525"]
[BlackElo "2393"]
[Annotator "TA"]
[PlyCount "77"]
[EventDate "2017.??.??"]
[EventType "swiss"]
[EventCountry "LAT"]
[SourceTitle "playchess.com"]
[Source "ChessBase"]
[SourceQuality "1"]

{[%evp 24,77,13,9,7,11,0,5,6,16,95,91,76,57,58,58,45,48,49,36,47,-61,-56,-78,0,0,0,0,0,0,0,0,0,0,64,58,62,58,64,51,62,49,37,37,39,35,54,8,8,8,8,8,8,8,8,8]} 1. Nf3 Nf6 2. g3 e6 3. Bg2 d5 4. O-O c5 5. c4 d4 6. e3 Nc6 7. exd4 cxd4 8. d3 Bd6 {A13: English Opening: 1...e6} 9. Bg5 h6 10. Bxf6 Qxf6 11. Nbd2 Qe7 12. a3 a5 13. Ne4 {LiveBook: 4 Games} Bc7 14. b4 axb4 15. axb4 {[%cal Ba3b4,Bb4b5][%mdl 32]} Rxa1 16. Qxa1 {[#]} e5 $146 (16... f5 $11 {keeps the balance.} 17. Nc5 O-O) 17. b5 $16 Nb4 18. c5 {[#] Threatens to win with b6.} O-O $1 19. Qa3 Nd5 20. Re1 {Nd6 is the strong threat.} b6 21. Nd6 {And now Nxd4! would win.} bxc5 22. Nc4 ({Better is} 22. Nxc8 $14 Rxc8 23. Qa6) 22... Nb4 $1 $15 23. Nxd4 {[#]} cxd4 ({Black should try} 23... Qd7 $1 $17 24. Nf3 Qxb5) 24. Rb1 $11 Bf5 25. Qxb4 Qxb4 26. Rxb4 Bxd3 27. b6 Bb8 28. b7 Bxc4 (28... f5 $11) 29. Rxc4 {[%mdl 4096] Endgame KRB-KRB} g6 30. Rc8 {[%mdl 1024] White has compensation.} f5 31. Bd5+ Kg7 32. f3 g5 33. Kf1 (33. Bc6 $5 {[%cal Rc6e8]}) 33... e4 $1 34. fxe4 fxe4+ 35. Rxf8 Kxf8 {The position is equal.} 36. Bxe4 h5 37. Ke2 h4 38. gxh4 gxh4 39. h3 {Precision: White = 71%, Black = 83%.} 1/2-1/2

[Event "7th RTU Open 2017"]
[Site "Riga"]
[Date "2017.08.11"]
[Round "7"]
[White "Kobo, Ori"]
[Black "D`Costa, Lorin A R"]
[Result "1/2-1/2"]
[WhiteElo "2497"]
[BlackElo "2390"]
[Annotator "TA"]
[PlyCount "37"]
[EventDate "2017.??.??"]
[EventType "swiss"]
[EventCountry "LAT"]
[SourceTitle "playchess.com"]
[Source "ChessBase"]
[SourceQuality "1"]

{[%evp 14,37,28,33,61,48,88,79,107,93,74,64,47,54,73,75,89,0,35,30,48,-22,-19,-89,-98,-107]} 1. e4 c5 2. Nf3 e6 3. d4 cxd4 4. Nxd4 Nf6 5. Nc3 d6 6. g4 h6 7. h4 Nc6 8. Rg1 h5 {B81: Sicilian Scheveningen: Keres Attack} (8... d5 9. exd5 Nxd5 10. Nxd5 exd5 11. Be3 Qxh4 12. Qf3 Nxd4 13. Bxd4 Qe7+ 14. Be2 Qe4 15. Qxe4+ dxe4 16. O-O-O Bd7 17. Bc4 {½-½ (55) Kryvoruchko,Y (2714)-Solodovnichenko,Y (2576) Chartres 2017}) 9. gxh5 Rxh5 10. Bg5 {[#] Hoping for Nxc6.} Rh7 {White is better.} 11. Nxc6 bxc6 12. e5 dxe5 13. Qf3 {Threatens to win with Bb5!} Be7 $146 {[#]} ({Predecessor:} 13... e4 14. Nxe4 Qa5+ 15. c3 Nd5 16. Bd3 {1-0 (29) Timman,J (2578)-Clemens,A (2213) Hoogeveen 2012}) 14. Bd3 $1 Rh8 15. Bxf6 ({White should try} 15. O-O-O $16 Bd7 16. Be4) 15... Bxf6 16. O-O-O Kf8 17. Qxc6 (17. h5 $14) 17... Rb8 $11 18. Bb5 (18. Ne4 $11 Qd7 19. Qxd7 Bxd7 20. Nxf6 gxf6 21. Be2) 18... Qe7 $17 19. Qc4 1/2-1/2